00426nam a2200133 a 450000500170000000800410001702000180005805000250007624500990010126000320020030000210023252100080025365000310026120140310183152.0021014s19uu xx 00 eng d a9780750705776 aLB 2333b.Ev937 1996 aEvaluating teacher quality in higher education /cedited by Robert Aylett and Kenneth Gregory. aUSA :bFlamer Press,c1996. a138 p. :c25 cm. aEDU aCollege teacherxrating of